[Event "9. Forchheimer Sparkassen Open 2010"]
[Site "Forchheim"]
[Date "2010.10.01"]
[Round "1.1"]
[White "Ulusoy, Tolga"]
[Black "Winkelmeier, Alfred"]
[Result "0-1"]
[WhiteElo "1993"]
[BlackElo "1753"]
[PlyCount "122"]
[EventDate "2010.??.??"]
[WhiteTeam "SC Noris-Tarrasch Nürnberg 1873"]
[BlackTeam "SV Ilmmünster"]

1. e4 {[%emt 0:00:00]} c5 {[%emt 0:00:02]} 2. c3 {[%emt 0:00:02]} b6 {
[%emt 0:00:01]} 3. d4 {[%emt 0:00:01]} Bb7 {[%emt 0:00:01]} 4. Bd3 {
[%emt 0:00:03]} Nf6 {[%emt 0:00:05]} 5. d5 {[%emt 0:00:02]} e6 {[%emt 0:00:01]}
6. c4 {[%emt 0:00:01]} exd5 {[%emt 0:00:05]} 7. exd5 {[%emt 0:00:03]} d6 {
[%emt 0:00:02]} 8. Nf3 {[%emt 0:00:06]} Be7 {[%emt 0:00:02]} 9. O-O {
[%emt 0:00:02]} Nbd7 {[%emt 0:00:03]} 10. Nc3 {[%emt 0:00:02]} Ng4 {
[%emt 0:00:02]} 11. Re1 {[%emt 0:00:02]} O-O {[%emt 0:00:22]} 12. Bf4 {
[%emt 0:00:03]} f6 {[%emt 0:00:02]} 13. Qc2 {[%emt 0:00:18]} h6 {[%emt 0:00:01]
} 14. Bh7+ {[%emt 0:00:02]} Kh8 {[%emt 0:00:01]} 15. Nh4 {[%emt 0:00:02]} Nge5
{[%emt 0:00:02]} 16. Bxe5 {[%emt 0:00:03]} Nxe5 {[%emt 0:00:02]} 17. f4 {
[%emt 0:00:03]} f5 {[%emt 0:00:01]} 18. Nxf5 {[%emt 0:00:02]} Rxf5 {
[%emt 0:00:02]} 19. Bxf5 {[%emt 0:00:02]} Nxc4 {[%emt 0:00:02]} 20. Qe2 {
[%emt 0:00:03]} Bf6 {[%emt 0:00:02]} 21. Qxc4 {[%emt 0:00:03]} Bd4+ {
[%emt 0:00:01]} 22. Kh1 {[%emt 0:00:02]} Qf6 {[%emt 0:00:02]} 23. Qd3 {
[%emt 0:00:02]} Rf8 {[%emt 0:00:02]} 24. Be6 {[%emt 0:00:02]} Qh4 {
[%emt 0:00:04]} 25. g3 {[%emt 0:00:03]} Qf6 {[%emt 0:00:01]} 26. f5 {
[%emt 0:00:05]} a6 {[%emt 0:00:02]} 27. Ne4 {[%emt 0:00:02]} Qd8 {
[%emt 0:00:02]} 28. Rab1 {[%emt 0:00:02]} b5 {[%emt 0:00:01]} 29. Qf3 {
[%emt 0:00:02]} Qb8 {[%emt 0:00:01]} 30. Qh5 {[%emt 0:00:02]} Qa8 {
[%emt 0:00:02]} 31. f6 {[%emt 0:00:05]} Bxf6 {[%emt 0:00:14]} 32. Nxf6 {
[%emt 0:00:01]} Rxf6 {[%emt 0:00:02]} 33. Rf1 {[%emt 0:00:03]} Rxe6 {
[%emt 0:00:02]} 34. Rf5 {[%emt 0:00:06]} Bxd5+ {[%emt 0:00:04]} 35. Kg1 {
[%emt 0:00:03]} Be4 {[%emt 0:00:01]} 36. Rd1 {[%emt 0:00:05]} Bxf5 {
[%emt 0:00:03]} 37. Qxf5 {[%emt 0:00:01]} Rf6 {[%emt 0:00:03]} 38. Qd3 {
[%emt 0:00:02]} Qa7 {[%emt 0:00:15]} 39. Qe3 {[%emt 0:00:04]} Qf7 {
[%emt 0:00:02]} 40. a3 {[%emt 0:00:02]} Qe6 {[%emt 0:00:03]} 41. Qd2 {
[%emt 0:00:02]} a5 {[%emt 0:00:03]} 42. Re1 {[%emt 0:00:05]} Qf5 {
[%emt 0:00:02]} 43. Re8+ {[%emt 0:00:02]} Kh7 {[%emt 0:00:02]} 44. Qe2 {
[%emt 0:00:02]} c4 {[%emt 0:00:01]} 45. Re4 {[%emt 0:00:02]} Qf3 {
[%emt 0:00:01]} 46. Qe1 {[%emt 0:00:01]} d5 {[%emt 0:00:01]} 47. Re3 {
[%emt 0:00:01]} Qf5 {[%emt 0:00:01]} 48. Re5 {[%emt 0:00:01]} Qd3 {
[%emt 0:00:02]} 49. Re3 {[%emt 0:00:01]} Rf1+ {[%emt 0:00:02]} 50. Qxf1 {
[%emt 0:00:04]} Qxe3+ {[%emt 0:00:01]} 51. Kg2 {[%emt 0:00:03]} Qe4+ {
[%emt 0:00:01]} 52. Kg1 {[%emt 0:00:02]} d4 {[%emt 0:00:01]} 53. a4 {
[%emt 0:00:02]} Qe3+ {[%emt 0:00:02]} 54. Kh1 {[%emt 0:00:02]} Qe4+ {
[%emt 0:00:01]} 55. Kg1 {[%emt 0:00:01]} d3 {[%emt 0:00:01]} 56. Qd1 {
[%emt 0:00:02]} b4 {[%emt 0:00:01]} 57. Qd2 {[%emt 0:00:01]} Qd4+ {
[%emt 0:00:01]} 58. Kf1 {[%emt 0:00:02]} c3 {[%emt 0:00:01]} 59. bxc3 {
[%emt 0:00:01]} bxc3 {[%emt 0:00:01]} 60. Qd1 {[%emt 0:00:01]} c2 {
[%emt 0:00:01]} 61. Qd2 {[%emt 0:00:03]} Qc4 {[%emt 0:00:01]} 0-1

[Event "9. Forchheimer Sparkassen Open 2010"]
[Site "Forchheim"]
[Date "2010.10.01"]
[Round "1.2"]
[White "Nahlik, Bernhard"]
[Black "Luther, Helmut"]
[Result "1-0"]
[WhiteElo "1752"]
[BlackElo "1979"]
[PlyCount "97"]
[EventDate "2010.??.??"]
[TimeControl "300"]

1. d4 d5 2. Nf3 Nf6 3. e3 g6 4. Bd3 Bg7 5. O-O O-O 6. Nbd2 Nbd7 7. c3 Re8 8.
Re1 e5 9. Nxe5 Nxe5 10. dxe5 Rxe5 11. Nf3 Re8 12. Qc2 c6 13. b3 Bg4 14. Be2 Ne4
15. Bb2 Qf6 16. Rac1 Bf5 17. Bd3 Bg4 18. Be2 b5 19. Ba1 Qd6 20. Red1 Qc5 21. h3
Bf5 22. Bd3 a5 23. Nd4 Bc8 24. c4 bxc4 25. bxc4 Bb7 26. Nb3 Qe7 27. Bxg7 Kxg7
28. Bxe4 dxe4 29. c5 Kg8 30. Rd6 Qh4 31. Rcd1 Ba6 32. Rxc6 Bd3 33. Qc3 Qh5 34.
Rd2 Re5 35. Nc1 Bb5 36. Rc7 Rf8 37. Qc2 Qh4 38. a4 Ba6 39. Ne2 Bxe2 40. Rxe2
Rg5 41. Kh1 Rd8 42. Rd2 Rf5 43. Rxd8+ Qxd8 44. Rb7 Qd3 45. Rb8+ Kg7 46. Rb2
Qf1+ 47. Kh2 Rg5 48. Qxe4 h5 49. c6 1-0

[Event "9. Forchheimer Sparkassen Open 2010"]
[Site "Forchheim"]
[Date "2010.10.01"]
[Round "1.3"]
[White "Eichschmied, Patrick"]
[Black "Götzel, Alfred"]
[Result "0-1"]
[WhiteElo "1821"]
[BlackElo "1952"]
[PlyCount "70"]
[EventDate "2010.??.??"]
[WhiteTeam "SV Haunwöhr SAbt"]
[BlackTeam "SC Höchstadt/Aisch"]

1. e4 {[%emt 0:00:00]} Nf6 {[%emt 0:00:01]} 2. e5 {[%emt 0:00:01]} Nd5 {
[%emt 0:00:01]} 3. d4 {[%emt 0:00:02]} d6 {[%emt 0:00:01]} 4. Nf3 {
[%emt 0:00:02]} dxe5 {[%emt 0:00:02]} 5. Nxe5 {[%emt 0:00:02]} g6 {
[%emt 0:00:01]} 6. Qf3 {[%emt 0:00:03]} Be6 {[%emt 0:00:02]} 7. Bc4 {
[%emt 0:00:02]} Bg7 {[%emt 0:00:02]} 8. O-O {[%emt 0:00:02]} c6 {[%emt 0:00:01]
} 9. c3 {[%emt 0:00:02]} Nd7 {[%emt 0:00:02]} 10. Nd3 {[%emt 0:00:02]} O-O {
[%emt 0:00:02]} 11. Nd2 {[%emt 0:00:02]} N7f6 {[%emt 0:00:06]} 12. Re1 {
[%emt 0:00:02]} a5 {[%emt 0:00:02]} 13. Nc5 {[%emt 0:00:05]} Bg4 {
[%emt 0:00:01]} 14. Qg3 {[%emt 0:00:02]} b6 {[%emt 0:00:02]} 15. Nce4 {
[%emt 0:00:03]} Bf5 {[%emt 0:00:03]} 16. Bd3 {[%emt 0:00:05]} e6 {
[%emt 0:00:03]} 17. f3 {[%emt 0:00:03]} Rc8 {[%emt 0:00:03]} 18. Nc4 {
[%emt 0:00:03]} c5 {[%emt 0:00:02]} 19. dxc5 {[%emt 0:00:02]} Nh5 {
[%emt 0:00:01]} 20. Qd6 {[%emt 0:00:02]} Bxe4 {[%emt 0:00:03]} 21. fxe4 {
[%emt 0:00:03]} Nxc3 {[%emt 0:00:04]} 22. bxc3 {[%emt 0:00:02]} b5 {
[%emt 0:00:03]} 23. Nb2 {[%emt 0:00:04]} Bxc3 {[%emt 0:00:03]} 24. Re2 {
[%emt 0:00:04]} Qf6 {[%emt 0:00:02]} 25. e5 {[%emt 0:00:03]} Qh4 {
[%emt 0:00:02]} 26. Be3 {[%emt 0:00:03]} Rfd8 {[%emt 0:00:03]} 27. Qa6 {
[%emt 0:00:05]} Bxe5 {[%emt 0:00:03]} 28. h3 {[%emt 0:00:02]} Qg3 {
[%emt 0:00:01]} 29. Bf2 {[%emt 0:00:01]} Qh2+ {[%emt 0:00:01]} 30. Kf1 {
[%emt 0:00:01]} Qh1+ {[%emt 0:00:01]} 31. Bg1 {[%emt 0:00:01]} Bd4 {
[%emt 0:00:00]} 32. Rf2 {[%emt 0:00:02]} Ng3+ {[%emt 0:00:03]} 33. Ke1 {
[%emt 0:00:02]} Qxg1+ {[%emt 0:00:01]} 34. Rf1 {[%emt 0:00:01]} Qe3+ {
[%emt 0:00:01]} 35. Kd1 {[%emt 0:00:02]} Nxf1 {[%emt 0:00:01]} 0-1

[Event "9. Forchheimer Sparkassen Open 2010"]
[Site "Forchheim"]
[Date "2010.10.01"]
[Round "1.4"]
[White "Winter, Christopher"]
[Black "Pühn, Georg"]
[Result "1/2-1/2"]
[WhiteElo "1750"]
[BlackElo "1904"]
[PlyCount "51"]
[EventDate "2010.??.??"]
[TimeControl "300"]

1. d4 d5 2. Nf3 Nf6 3. c4 e6 4. Bg5 h6 5. Bh4 c6 6. Nc3 Nbd7 7. e3 Qa5 8. Bd3
dxc4 9. Bxc4 Nb6 10. Bb3 Nbd5 11. Bxd5 Nxd5 12. Qa4 Qxa4 13. Nxa4 Bb4+ 14. Ke2
b6 15. Rhc1 Ba6+ 16. Kd1 O-O 17. Bg3 Bb5 18. Nc3 Nxc3+ 19. bxc3 Ba3 20. Rcb1 f6
21. Kd2 Bc4 22. Kc2 Bd5 23. Kd3 f5 24. Ke2 g5 25. Be5 Be7 26. g3 1/2-1/2

[Event "9. Forchheimer Sparkassen Open 2010"]
[Site "Forchheim"]
[Date "2010.10.01"]
[Round "1.5"]
[White "Heunemann, Dieter"]
[Black "Schwab, Edgar"]
[Result "1-0"]
[WhiteElo "1898"]
[BlackElo "1735"]
[PlyCount "99"]
[EventDate "2010.??.??"]
[TimeControl "300"]

1. d4 d5 2. c4 c6 3. cxd5 cxd5 4. Nf3 Nf6 5. Nc3 Bf5 6. Bf4 e6 7. e3 Bd6 8.
Bb5+ Nc6 9. Ne5 Bxe5 10. Bxe5 O-O 11. Bf4 Rc8 12. O-O a6 13. Be2 Na5 14. Rc1
Nc4 15. b3 Nd6 16. Na4 Rxc1 17. Qxc1 b5 18. Nc5 Qb6 19. Be5 Rc8 20. Qa3 Rc6 21.
f3 Nb7 22. g4 Bg6 23. h4 Nxc5 24. dxc5 Qxc5 25. Qxc5 Rxc5 26. Bxf6 gxf6 27. h5
Rc2 28. Bd1 Rxa2 29. hxg6 fxg6 30. Rf2 Rxf2 31. Kxf2 Kf7 32. Ke2 Ke7 33. Kd3
Kd6 34. b4 g5 35. e4 e5 36. exd5 Kxd5 37. Bb3+ Kd6 38. Ke4 Ke7 39. Bd5 Kd6 40.
Bb7 a5 41. bxa5 b4 42. Bd5 Kc5 43. a6 Kb6 44. Bc4 b3 45. Bxb3 Kxa6 46. Kf5 Kb6
47. Kxf6 h5 48. gxh5 e4 49. fxe4 g4 50. Bd1 1-0

[Event "9. Forchheimer Sparkassen Open 2010"]
[Site "Forchheim"]
[Date "2010.10.01"]
[Round "1.6"]
[White "Hummel, Thomas"]
[Black "Krauss, Andreas"]
[Result "0-1"]
[WhiteElo "1715"]
[BlackElo "1897"]
[PlyCount "72"]
[EventDate "2010.??.??"]
[WhiteTeam "TSV Dietfurt/Altm. e.V."]
[BlackTeam "SV Deggendorf"]

1. b4 {[%emt 0:00:00]} c6 {[%emt 0:00:01]} 2. Bb2 {[%emt 0:00:02]} a5 {
[%emt 0:00:02]} 3. a3 {[%emt 0:00:03]} axb4 {[%emt 0:00:01]} 4. axb4 {
[%emt 0:00:01]} Rxa1 {[%emt 0:00:02]} 5. Bxa1 {[%emt 0:00:01]} Qb6 {
[%emt 0:00:02]} 6. c3 {[%emt 0:00:02]} d5 {[%emt 0:00:01]} 7. e3 {
[%emt 0:00:02]} Nf6 {[%emt 0:00:01]} 8. Nf3 {[%emt 0:00:03]} Bf5 {
[%emt 0:00:04]} 9. Na3 {[%emt 0:00:03]} e6 {[%emt 0:00:01]} 10. Qa4 {
[%emt 0:00:04]} Bd6 {[%emt 0:00:02]} 11. Nd4 {[%emt 0:00:02]} Bg6 {
[%emt 0:00:01]} 12. Be2 {[%emt 0:00:01]} O-O {[%emt 0:00:02]} 13. O-O {
[%emt 0:00:02]} e5 {[%emt 0:00:02]} 14. Ndc2 {[%emt 0:00:03]} Nbd7 {
[%emt 0:00:02]} 15. c4 {[%emt 0:00:02]} Bb8 {[%emt 0:00:01]} 16. c5 {
[%emt 0:00:03]} Qc7 {[%emt 0:00:01]} 17. g3 {[%emt 0:00:02]} Bf5 {
[%emt 0:00:02]} 18. d4 {[%emt 0:00:02]} b5 {[%emt 0:00:03]} 19. Qb3 {
[%emt 0:00:01]} Bh3 {[%emt 0:00:02]} 20. Rd1 {[%emt 0:00:02]} e4 {
[%emt 0:00:02]} 21. Bc3 {[%emt 0:00:03]} h5 {[%emt 0:00:01]} 22. Ne1 {
[%emt 0:00:02]} h4 {[%emt 0:00:02]} 23. Ng2 {[%emt 0:00:02]} hxg3 {
[%emt 0:00:02]} 24. fxg3 {[%emt 0:02:10]} Re8 {[%emt 0:00:03]} 25. Nf4 {
[%emt 0:00:02]} Bg4 {[%emt 0:00:02]} 26. Qc2 {[%emt 0:00:02]} Nf8 {
[%emt 0:00:02]} 27. Rf1 {[%emt 0:00:02]} N8h7 {[%emt 0:00:02]} 28. Nb1 {
[%emt 0:00:06]} Ng5 {[%emt 0:00:02]} 29. Kg2 {[%emt 0:00:04]} Qd7 {
[%emt 0:00:02]} 30. Bxg4 {[%emt 0:00:03]} Qxg4 {[%emt 0:00:02]} 31. Nd2 {
[%emt 0:00:11]} Bxf4 {[%emt 0:00:04]} 32. exf4 {[%emt 0:00:02]} Qh3+ {
[%emt 0:00:41]} 33. Kg1 {[%emt 0:00:02]} Ng4 {[%emt 0:00:05]} 34. Nb3 {
[%emt 0:00:04]} Nf3+ {[%emt 0:00:02]} 35. Rxf3 {[%emt 0:00:02]} exf3 {
[%emt 0:00:01]} 36. Na5 {[%emt 0:00:03]} Re2 {[%emt 0:00:02]} 0-1

[Event "9. Forchheimer Sparkassen Open 2010"]
[Site "Forchheim"]
[Date "2010.10.01"]
[Round "1.7"]
[White "Winter, Jonathan"]
[Black "Suliga, Eckhard"]
[Result "1/2-1/2"]
[WhiteElo "1895"]
[BlackElo "1848"]
[PlyCount "90"]
[EventDate "2010.??.??"]
[WhiteTeam "SV Haunwöhr SAbt"]
[BlackTeam "SGem Siemens Erlangen e.V."]

1. e4 {[%emt 0:00:00]} e6 {[%emt 0:00:01]} 2. d4 {[%emt 0:00:02]} d5 {
[%emt 0:00:01]} 3. Nc3 {[%emt 0:00:02]} Bb4 {[%emt 0:00:02]} 4. exd5 {
[%emt 0:00:02]} exd5 {[%emt 0:00:01]} 5. Bd3 {[%emt 0:00:02]} Ne7 {
[%emt 0:00:02]} 6. Nf3 {[%emt 0:00:02]} Bf5 {[%emt 0:00:02]} 7. Bg5 {
[%emt 0:00:02]} f6 {[%emt 0:00:01]} 8. Bf4 {[%emt 0:00:03]} Nbc6 {
[%emt 0:00:02]} 9. O-O {[%emt 0:00:02]} Qd7 {[%emt 0:00:02]} 10. Bxf5 {
[%emt 0:00:02]} Nxf5 {[%emt 0:00:04]} 11. Re1+ {[%emt 0:00:03]} Nce7 {
[%emt 0:00:00]} 12. Qd3 {[%emt 0:00:03]} O-O-O {[%emt 0:00:03]} 13. Re2 {
[%emt 0:00:03]} Ng6 {[%emt 0:00:02]} 14. Bd2 {[%emt 0:00:03]} Rhe8 {
[%emt 0:00:02]} 15. Rae1 {[%emt 0:00:02]} Rxe2 {[%emt 0:00:02]} 16. Rxe2 {
[%emt 0:00:01]} Bxc3 {[%emt 0:00:04]} 17. Qxc3 {[%emt 0:00:02]} Qb5 {
[%emt 0:00:01]} 18. Re1 {[%emt 0:00:03]} Nd6 {[%emt 0:00:02]} 19. Qb3 {
[%emt 0:00:02]} Qxb3 {[%emt 0:00:02]} 20. axb3 {[%emt 0:00:01]} Re8 {
[%emt 0:00:02]} 21. Rxe8+ {[%emt 0:00:03]} Nxe8 {[%emt 0:00:02]} 22. Ne1 {
[%emt 0:00:02]} Nd6 {[%emt 0:00:02]} 23. Nd3 {[%emt 0:00:02]} b6 {
[%emt 0:00:02]} 24. f3 {[%emt 0:00:02]} Kd7 {[%emt 0:00:02]} 25. Kf2 {
[%emt 0:00:02]} c6 {[%emt 0:00:02]} 26. g4 {[%emt 0:00:02]} Ke6 {[%emt 0:00:02]
} 27. Kg3 {[%emt 0:00:02]} f5 {[%emt 0:00:01]} 28. h3 {[%emt 0:00:02]} Nf7 {
[%emt 0:00:02]} 29. Nb4 {[%emt 0:00:02]} Ne7 {[%emt 0:00:03]} 30. h4 {
[%emt 0:00:02]} fxg4 {[%emt 0:00:02]} 31. fxg4 {[%emt 0:00:02]} Nd6 {
[%emt 0:00:02]} 32. Bg5 {[%emt 0:00:07]} Ne4+ {[%emt 0:00:01]} 33. Kf4 {
[%emt 0:00:02]} Ng6+ {[%emt 0:00:03]} 34. Ke3 {[%emt 0:00:04]} Nxg5 {
[%emt 0:00:01]} 35. hxg5 {[%emt 0:00:01]} Kd6 {[%emt 0:00:04]} 36. Nd3 {
[%emt 0:00:02]} Ke6 {[%emt 0:00:02]} 37. Nf4+ {[%emt 0:00:02]} Nxf4 {
[%emt 0:00:03]} 38. Kxf4 {[%emt 0:00:01]} g6 {[%emt 0:00:01]} 39. Ke3 {
[%emt 0:00:03]} Kd6 {[%emt 0:00:01]} 40. c4 {[%emt 0:00:02]} dxc4 {
[%emt 0:00:01]} 41. bxc4 {[%emt 0:00:01]} a5 {[%emt 0:00:01]} 42. b3 {
[%emt 0:00:03]} b5 {[%emt 0:00:02]} 43. Kd3 {[%emt 0:00:02]} Kc7 {
[%emt 0:00:01]} 44. Kc3 {[%emt 0:00:05]} Kb6 {[%emt 0:00:01]} 45. Kb2 {
[%emt 0:00:02]} Kc7 {[%emt 0:00:02]} 1/2-1/2

[Event "9. Forchheimer Sparkassen Open 2010"]
[Site "Forchheim"]
[Date "2010.10.01"]
[Round "1.8"]
[White "Müller, Ludwig"]
[Black "Niebler, Paul"]
[Result "0-1"]
[WhiteElo "1689"]
[BlackElo "1880"]
[PlyCount "117"]
[EventDate "2010.??.??"]
[WhiteTeam "SGem Nürnberg 1978 e.V."]
[BlackTeam "SV Haunwöhr SAbt"]

1. Nf3 {[%emt 0:00:00]} d5 {[%emt 0:00:02]} 2. b3 {[%emt 0:00:01]} Nf6 {
[%emt 0:00:01]} 3. e3 {[%emt 0:00:02]} Nbd7 {[%emt 0:00:01]} 4. Bb2 {
[%emt 0:00:02]} e6 {[%emt 0:00:02]} 5. c4 {[%emt 0:00:02]} Bd6 {[%emt 0:00:02]}
6. d4 {[%emt 0:00:02]} c6 {[%emt 0:00:01]} 7. c5 {[%emt 0:00:02]} Bc7 {
[%emt 0:00:01]} 8. Bd3 {[%emt 0:00:02]} O-O {[%emt 0:00:02]} 9. O-O {
[%emt 0:00:04]} Qe7 {[%emt 0:00:02]} 10. Qc2 {[%emt 0:00:02]} e5 {
[%emt 0:00:02]} 11. dxe5 {[%emt 0:00:02]} Nxe5 {[%emt 0:00:01]} 12. Nxe5 {
[%emt 0:00:04]} Bxe5 {[%emt 0:00:03]} 13. Bxe5 {[%emt 0:00:01]} Qxe5 {
[%emt 0:00:01]} 14. Nd2 {[%emt 0:00:00]} Bg4 {[%emt 0:00:15]} 15. Rfe1 {
[%emt 0:00:03]} Rad8 {[%emt 0:00:02]} 16. Rac1 {[%emt 0:00:03]} Rd7 {
[%emt 0:00:02]} 17. Be2 {[%emt 0:00:02]} Rfd8 {[%emt 0:00:02]} 18. Bxg4 {
[%emt 0:00:02]} Nxg4 {[%emt 0:00:01]} 19. Nf3 {[%emt 0:00:02]} Qe4 {
[%emt 0:00:01]} 20. h3 {[%emt 0:00:01]} Nf6 {[%emt 0:00:03]} 21. Qxe4 {
[%emt 0:00:02]} dxe4 {[%emt 0:00:01]} 22. Nd4 {[%emt 0:00:02]} Nd5 {
[%emt 0:00:01]} 23. a3 {[%emt 0:00:02]} Nc7 {[%emt 0:00:02]} 24. a4 {
[%emt 0:00:01]} a5 {[%emt 0:00:01]} 25. Rc4 {[%emt 0:00:02]} g6 {[%emt 0:00:02]
} 26. f3 {[%emt 0:00:02]} exf3 {[%emt 0:00:01]} 27. gxf3 {[%emt 0:00:01]} Nd5 {
[%emt 0:00:02]} 28. Nc2 {[%emt 0:00:02]} Nc7 {[%emt 0:00:02]} 29. Rd4 {
[%emt 0:00:02]} Ne6 {[%emt 0:00:01]} 30. Rxd7 {[%emt 0:00:02]} Rxd7 {
[%emt 0:00:01]} 31. Nd4 {[%emt 0:00:01]} Nxd4 {[%emt 0:00:01]} 32. exd4 {
[%emt 0:00:01]} Rxd4 {[%emt 0:00:01]} 33. Re7 {[%emt 0:00:02]} Rd3 {
[%emt 0:00:05]} 34. Rxb7 {[%emt 0:00:01]} Rxf3 {[%emt 0:00:01]} 35. Kg2 {
[%emt 0:00:03]} Rc3 {[%emt 0:00:01]} 36. b4 {[%emt 0:00:02]} axb4 {
[%emt 0:00:02]} 37. Rxb4 {[%emt 0:00:03]} Rxc5 {[%emt 0:00:01]} 38. Rb6 {
[%emt 0:00:02]} Ra5 {[%emt 0:00:02]} 39. Rxc6 {[%emt 0:00:02]} Rxa4 {
[%emt 0:00:01]} 40. Kg3 {[%emt 0:00:01]} Kg7 {[%emt 0:00:01]} 41. Rb6 {
[%emt 0:00:02]} g5 {[%emt 0:00:01]} 42. Rc6 {[%emt 0:00:29]} f6 {[%emt 0:00:03]
} 43. Rb6 {[%emt 0:00:07]} h5 {[%emt 0:00:03]} 44. Rb3 {[%emt 0:00:04]} Kg6 {
[%emt 0:00:01]} 45. Rc3 {[%emt 0:00:03]} Re4 {[%emt 0:00:02]} 46. Ra3 {
[%emt 0:00:02]} Re6 {[%emt 0:00:02]} 47. Rb3 {[%emt 0:00:03]} f5 {
[%emt 0:00:01]} 48. Ra3 {[%emt 0:00:02]} f4+ {[%emt 0:00:01]} 49. Kf3 {
[%emt 0:00:02]} Kf5 {[%emt 0:00:01]} 50. Ra5+ {[%emt 0:00:02]} Re5 {
[%emt 0:00:01]} 51. Ra3 {[%emt 0:00:01]} Rb5 {[%emt 0:00:02]} 52. Rc3 {
[%emt 0:00:02]} g4+ {[%emt 0:00:01]} 53. hxg4+ {[%emt 0:00:01]} hxg4+ {
[%emt 0:00:01]} 54. Kf2 {[%emt 0:00:02]} Rb2+ {[%emt 0:00:02]} 55. Kf1 {
[%emt 0:00:02]} g3 {[%emt 0:00:02]} 56. Rc5+ {[%emt 0:00:02]} Kg4 {
[%emt 0:00:01]} 57. Re5 {[%emt 0:00:01]} f3 {[%emt 0:00:04]} 58. Re1 {
[%emt 0:00:01]} g2+ {[%emt 0:00:06]} 59. Kg1 {[%emt 0:00:01]} 0-1

[Event "9. Forchheimer Sparkassen Open 2010"]
[Site "Forchheim"]
[Date "2010.10.01"]
[Round "1.9"]
[White "Pikal, Alexander"]
[Black "Wärtsch, Michael"]
[Result "1/2-1/2"]
[WhiteElo "1876"]
[BlackElo "1687"]
[PlyCount "95"]
[EventDate "2010.??.??"]
[WhiteTeam "SC Ansbach 1855 e.V."]
[BlackTeam "SVigung Lüdenscheid e."]

1. f4 {[%emt 0:00:00]} d5 {[%emt 0:00:01]} 2. Nf3 {[%emt 0:00:02]} Bg4 {
[%emt 0:00:04]} 3. Ne5 {[%emt 0:00:02]} Bh5 {[%emt 0:00:01]} 4. g3 {
[%emt 0:00:03]} f6 {[%emt 0:00:02]} 5. Nd3 {[%emt 0:00:03]} Nd7 {[%emt 0:00:02]
} 6. Bg2 {[%emt 0:00:02]} c6 {[%emt 0:00:01]} 7. O-O {[%emt 0:00:03]} e5 {
[%emt 0:00:01]} 8. fxe5 {[%emt 0:00:02]} fxe5 {[%emt 0:00:01]} 9. b3 {
[%emt 0:00:03]} Ngf6 {[%emt 0:00:04]} 10. Nc3 {[%emt 0:00:03]} Bd6 {
[%emt 0:00:01]} 11. Bb2 {[%emt 0:00:04]} O-O {[%emt 0:00:01]} 12. h3 {
[%emt 0:00:03]} Qe7 {[%emt 0:00:01]} 13. Qe1 {[%emt 0:00:03]} e4 {
[%emt 0:00:01]} 14. Nf4 {[%emt 0:00:04]} Ne5 {[%emt 0:00:02]} 15. d4 {
[%emt 0:00:03]} Ng6 {[%emt 0:00:01]} 16. e3 {[%emt 0:00:02]} Nxf4 {
[%emt 0:00:02]} 17. gxf4 {[%emt 0:00:03]} Ne8 {[%emt 0:00:02]} 18. Qg3 {
[%emt 0:00:02]} Qd8 {[%emt 0:00:01]} 19. Na4 {[%emt 0:00:03]} Be7 {
[%emt 0:00:02]} 20. Nc5 {[%emt 0:00:05]} Bh4 {[%emt 0:00:02]} 21. Qh2 {
[%emt 0:00:05]} Rf7 {[%emt 0:00:03]} 22. c4 {[%emt 0:00:01]} Nd6 {
[%emt 0:00:04]} 23. cxd5 {[%emt 0:00:03]} cxd5 {[%emt 0:00:01]} 24. Rfc1 {
[%emt 0:00:03]} Nf5 {[%emt 0:00:02]} 25. Rc3 {[%emt 0:00:02]} b6 {
[%emt 0:00:01]} 26. Ne6 {[%emt 0:00:03]} Qf6 {[%emt 0:00:01]} 27. Nc7 {
[%emt 0:00:02]} Rd8 {[%emt 0:00:02]} 28. Rac1 {[%emt 0:00:04]} Bg3 {
[%emt 0:00:02]} 29. Qh1 {[%emt 0:00:01]} Qh4 {[%emt 0:00:02]} 30. Rf1 {
[%emt 0:00:02]} Nxe3 {[%emt 0:00:02]} 31. Rxe3 {[%emt 0:00:05]} Rxc7 {
[%emt 0:00:03]} 32. Bxe4 {[%emt 0:00:03]} dxe4 {[%emt 0:00:03]} 33. Qg2 {
[%emt 0:00:01]} Bxf4 {[%emt 0:00:04]} 34. Rxe4 {[%emt 0:00:02]} Rf7 {
[%emt 0:00:05]} 35. d5 {[%emt 0:00:03]} Rdf8 {[%emt 0:00:02]} 36. Rexf4 {
[%emt 0:00:03]} Qe7 {[%emt 0:00:03]} 37. Rxf7 {[%emt 0:00:02]} Rxf7 {
[%emt 0:00:01]} 38. Rxf7 {[%emt 0:00:02]} Qxf7 {[%emt 0:00:02]} 39. d6 {
[%emt 0:00:01]} Qd7 {[%emt 0:00:02]} 40. Bxg7 {[%emt 0:00:03]} Bg6 {
[%emt 0:00:05]} 41. Be5 {[%emt 0:00:03]} Qc8 {[%emt 0:00:01]} 42. Qd5+ {
[%emt 0:00:02]} Bf7 {[%emt 0:00:03]} 43. Qd4 {[%emt 0:00:01]} Be6 {
[%emt 0:00:02]} 44. Bh8 {[%emt 0:00:02]} Qc1+ {[%emt 0:00:07]} 45. Kh2 {
[%emt 0:00:02]} Qc2+ {[%emt 0:00:01]} 46. Kg3 {[%emt 0:00:02]} Qg6+ {
[%emt 0:00:02]} 47. Kf2 {[%emt 0:00:01]} Qc2+ {[%emt 0:00:02]} 48. Ke3 {
[%emt 0:00:02]} 1/2-1/2

[Event "9. Forchheimer Sparkassen Open 2010"]
[Site "Forchheim"]
[Date "2010.10.01"]
[Round "1.10"]
[White "Hofmann, Paul"]
[Black "Stephan, Michael"]
[Result "0-1"]
[WhiteElo "1686"]
[BlackElo "1855"]
[PlyCount "114"]
[EventDate "2010.??.??"]
[TimeControl "300"]

1. e4 e5 2. Nf3 Nc6 3. Bb5 a6 4. Bxc6 dxc6 5. d4 exd4 6. Qxd4 Qxd4 7. Nxd4 Ne7
8. Nc3 Ng6 9. f3 Bd6 10. Be3 O-O 11. O-O Ne5 12. b3 c5 13. Nde2 f5 14. Rad1 c4
15. h3 Nc6 16. bxc4 f4 17. c5 Be5 18. Bf2 g5 19. Nd4 Na5 20. Nd5 Rf7 21. Nb3
Nc6 22. Rd3 h5 23. Rfd1 g4 24. hxg4 hxg4 25. Kf1 Be6 26. Ke2 Rh7 27. Nd4 Bxd5
28. exd5 Nb4 29. Rb3 Nxd5 30. c6 b6 31. fxg4 Re8 32. Kf3 Nf6 33. Rbd3 Rg7 34.
Nf5 Rg6 35. Rd8 Rxd8 36. Rxd8+ Kf7 37. Bd4 Nxg4 38. Rd7+ Ke6 39. Ng7+ Kf6 40.
Nh5+ Kf5 41. Ng7+ Rxg7 42. Rxg7 Bxg7 43. Bxg7 Ne5+ 44. Bxe5 Kxe5 45. Kg4 b5 46.
Kf3 b4 47. Kg4 a5 48. Kf3 a4 49. Kg4 Ke4 50. Kg5 Ke3 51. Kf5 Kd2 52. Ke6 Kxc2
53. Kd7 b3 54. axb3 axb3 55. Kxc7 b2 56. Kd8 b1=Q 57. c7 Qb6 0-1